Standards of accuracy and limit of error for plans and surveys of mines : joint report (Record no. 98748)
[ view plain ]
| 000 -LEADER | |
|---|---|
| fixed length control field | 00726cam a2200241 4500 |
| 001 - CONTROL NUMBER | |
| control field | B1438 |
| 008 - FIXED-LENGTH DATA ELEMENTS--GENERAL INFORMATION | |
| fixed length control field | 1935 |
| 035 ## - SYSTEM CONTROL NUMBER | |
| System control number | (Sirsi) u96969 |
| 041 ## - LANGUAGE CODE | |
| Language code of text/sound track or separate title | eng |
| 050 ## - LIBRARY OF CONGRESS CALL NUMBER | |
| Classification number | 622.1 |
| 090 ## - LOCALLY ASSIGNED LC-TYPE CALL NUMBER (OCLC); LOCAL CALL NUMBER (RLIN) | |
| Classification number (OCLC) (R) ; Classification number, CALL (RLIN) (NR) | RICS 1935 |
| 110 ## - MAIN ENTRY--CORPORATE NAME | |
| Corporate name or jurisdiction name as entry element | Chartered Surveyors' Institution |
| 9 (RLIN) | 2274 |
| 245 ## - TITLE STATEMENT | |
| Title | Standards of accuracy and limit of error for plans and surveys of mines : joint report |
| 260 ## - PUBLICATION, DISTRIBUTION, ETC. | |
| Place of publication, distribution, etc. | London |
| Name of publisher, distributor, etc. | Chartered Surveyors` Institution |
| Date of publication, distribution, etc. | 1935 |
| 300 ## - PHYSICAL DESCRIPTION | |
| Extent | 30p.,4 leaves of plates : ill.,maps ; 33cm. |
| 350 ## - PRICE (NR) (BK AM CF MU VM SE) [OBSOLETE] | |
| Price | 0 |
| 650 ## - SUBJECT ADDED ENTRY--TOPICAL TERM | |
| Topical term or geographic name entry element | MINING SURVEYING |
| 651 #4 - SUBJECT ADDED ENTRY--GEOGRAPHIC NAME | |
| Geographic name | United Kingdom |
| Chronological subdivision | |
| 690 ## - LOCAL SUBJECT ADDED ENTRY--TOPICAL TERM (OCLC, RLIN) | |
| Topical term or geographic name as entry element | Minerals and waste |
| 9 (RLIN) | 6257 |
| 710 ## - ADDED ENTRY--CORPORATE NAME | |
| Corporate name or jurisdiction name as entry element | Institute of Mine Surveyors |
| 9 (RLIN) | 1391 |
| 942 ## - ADDED ENTRY ELEMENTS (KOHA) | |
| Suppress in OPAC | 0 |
| 948 ## - LOCAL PROCESSING INFORMATION (OCLC); SERIES PART DESIGNATOR (RLIN) | |
| c (OCLC) | 04/03/1997 |
| Withdrawn status | Lost status | Source of classification or shelving scheme | Damaged status | Not for loan | Home library | Current library | Shelving location | Date acquired | Total Checkouts | Full call number | Barcode | Date last seen | Copy number | Price effective from | Koha item type | Date last checked out |
|---|---|---|---|---|---|---|---|---|---|---|---|---|---|---|---|---|
| Other/Generic Classification Scheme | Historic collection | Historic collection | RICS Boxes | 05/01/2001 | RICS 1935 | 30062933 | 06/08/2019 | 1 | 06/08/2019 | Archive | ||||||
| Other/Generic Classification Scheme | Historic collection | Historic collection | RICS Boxes | 05/01/2001 | 1 | RICS 1935 | 30062934 | 06/08/2019 | 2 | 06/08/2019 | Archive | 08/01/2001 |